| 000 | 01996nam a2200469 c 4500 | ||
|---|---|---|---|
| 001 | 4483 | ||
| 003 | ES-MaCES | ||
| 005 | 20141221121728.0 | ||
| 008 | 960704s1996 sp ||| | spa d | ||
| 017 |
_aM-38563 _bDL |
||
| 020 | _a843623314X (o.c.) | ||
| 035 | _aCES19980045188m | ||
| 040 |
_aES-MaCES _bspa _cES-MaCES |
||
| 111 | 2 |
_aCongreso Internacional "Historia de la Transición y Consolidación Democrática en España (1975-1986)" _d1995 _cMadrid _9163 |
|
| 245 | 1 | 0 |
_aHistoria de la transición y consolidación democrática en España (1975-1986) _c[Congreso Internacional ; dir., Javier Tusell, Alvaro Soto ; coord., José María Marín ; comité organizador, Marina Casanova ... [et al.]] |
| 260 |
_a[Madrid] _bUniversidad Nacional de Educación a Distancia _c[1996?] _bUniversidad Autónoma |
||
| 300 |
_a2 v. _c24 cm |
||
| 504 | _aBibliografía | ||
| 505 | 0 | _aContiene: Vol. I Transición y consolidación política. Estructura territorial del Estado -- Vol. II Perspectiva internacional. Análisis comparado. Política exterior. Economía, sindicatos y sociedad | |
| 541 | _cCompra | ||
| 650 | 4 |
_aEspaña _926964 |
|
| 650 | 4 |
_arégimen político _927201 |
|
| 650 | 4 |
_adesarrollo político _929225 |
|
| 650 | 4 |
_ademocracia _927175 |
|
| 650 | 4 |
_atransferencia de competencias _930889 |
|
| 650 | 4 |
_apolítica exterior _926687 |
|
| 650 | 4 |
_asindicalismo _929453 |
|
| 650 | 4 |
_acondiciones económicas _927081 |
|
| 650 | 4 |
_aprensa _927880 |
|
| 650 | 4 |
_aopinión pública _927247 |
|
| 650 | 4 |
_a1975-1986 _931158 |
|
| 653 | 1 | 0 | _aCiencias Sociales-Políticas |
| 700 | 1 |
_aCasanova, Marina _99188 |
|
| 700 | 1 |
_aTusell, Javier _edir. _925275 |
|
| 700 | 1 |
_aSoto Carmona, Álvaro _edir. _924323 |
|
| 700 | 1 |
_aMaría Marín, José _ecol. _917522 |
|
| 710 | 2 |
_aUniversidad Nacional de Educación a Distancia (España) _95370 |
|
| 710 | 2 |
_aUniversidad Autónoma de Madrid _95197 |
|
| 902 | _aLIB Libro | ||
| 942 |
_2CES _cBK _h7.0. |
||
| 999 |
_c4483 _d4483 |
||